Quizzes
Events
Quiz Creation
Community
Videos
Private Events
Remove Ads
Sign In
Join for FREE
Feedback
Dark Mode
Quiz Categories
Sports
Geography
Music
Movies
Television
Just For Fun
Miscellaneous
History
Literature
Language
Science
Gaming
Entertainment
Religion
Holiday
For Kids
Quiz Lab
Recent
Popular Today
Quiz Kudos Today
Editor Picks
Curator Picks
Quizzes by...
Day
Popularity
Type
Ratings
Length
Year
Community
Subscriptions
Recent Discussions
Orange Saloon
Badges
Playlists
Quests
Create
Leaderboards
Showdown
Live 5
Trivia Bingo
Activity
Puzzle Library
Sporcle Events
Private Events
Virtual Trivia
Globe League
Become a Host
Pub Owners
SporcleCon
Opinionation
Our Games
Videos
Blog
Mobile Apps
Partnerships
Remove Ads and Go Orange
Feedback
Sports
Athletes
MLB
NBA
NHL
NFL
Soccer
Sports Teams
WWE
NCAA
Football
Premier League
Basketball
Baseball
Hockey
Golf
Tennis
Cricket
Rugby
Auto Racing
Olympics
World Cup
Sports
Athletes
MLB
NBA
NHL
NFL
Soccer
Sports Teams
WWE
NCAA
Football
Premier League
Basketball
Baseball
Hockey
Golf
Tennis
Cricket
Rugby
Auto Racing
Olympics
World Cup
Random Quiz
Search Sporcle
×
Quiz Lab
Quiz Lab
Sports
SAT
Type in answers that appear in a list
Type in answers that appear in a list
Classic
Best Score? Go Orange.
Yankees vs Blue Jays Sat 7/26 Stats
Can you name the Yankees vs Blue Jays Sat 7/26
By
mkmkyanks
10m
44 Questions
36 Plays
36 Plays
36 Plays
Comments
Comments
Give Quiz Kudos
Give Quiz Kudos
-
- Ratings
hide this ad
Forced Order
Answers have to be entered in order
Answers have to be entered in order
Replay
Link that replays current quiz
Next Quiz
Link to next quiz in quiz playlist
You Got
0%
They Got
Avg Score
22%
Avg Friend Score
Upgrade to see
Score Distribution
Jump to the score distribution portion of the page
Score
0/44
Timer
10:00
0
Plays Today
Hint
Answer
% Correct
2
jeter
91.7%
11
gardner
52.8%
loup
aaron
47.2%
cecil
brett
44.4%
hutchison
drew
38.9%
12
headley
36.1%
sanchez
aaron
33.3%
goins
ryan
33.3%
gose
anthony
33.3%
25
teixeira
27.8%
fransisco
juan
27.8%
22
ellsbury
25%
68
betances
25%
rasmussen
rob
25%
redmond
todd
25%
tolleson
steve
22.2%
52
sabathia
19.4%
14
roberts
16.7%
43
warren
16.7%
45
wheeler
16.7%
johnson
dan
16.7%
17
ryan
13.9%
Hint
Answer
% Correct
18
kuroda
13.9%
19
tanaka
13.9%
27
kelly
13.9%
29
cervelli
13.9%
30
robertson
13.9%
31
ichiro
13.9%
33
johnson
13.9%
36
beltran
13.9%
47
nova
13.9%
48
thorton
13.9%
53
francis
13.9%
55
huff
13.9%
61
greene
13.9%
63
leroux
13.9%
13
arod
11.1%
24
almonte
11.1%
34
mccan
11.1%
35
pineda
11.1%
38
mccarthy
11.1%
41
phelps
11.1%
rogers
emil
11.1%
39
whitley
8.3%
Quiz Playlist
Details
Report
Send in Message
Add To Playlist
Classic:
Type in answers that appear in a list
Forced Order:
Answers have to be entered in order
Last Updated: Apr 5, 2017
Quiz Scoreboard
CHALLENGE
Sign Up to Join the Scoreboard
Show All
Scores
Hide
Comments
May contain spoilers
Recently Published
9x9 Crossword: Cartoon Network
by jackfrog10
Miscellaneous
3m
College Basketball Coaching Resumes
by pancakes188
Sports
9m
Billboard Blitz: Fleetwood Mac
by CooCooCachoo
Music
15s
More to Explore
Quiz From the Vault
Featured Blog Post
Where Did the Easter Bunny Come From?
hide this ad
You Might Also Like...
Tags
blue
Jay
SAT
Today's Top Quizzes in Sports
Browse Sports
hide this ad
Today's Top Quizzes in SAT
Browse SAT
Top Contributed Quizzes in Sports
1
2022 World Cup Stars
2
Les meilleurs buteurs des matchs entre le PSG et l’OM
3
FIFA Club World Cup Champions
4
Les entraîneurs de l'OM et du PSG au 21e siècle
5
Criteria MLB: Left Handed Sluggers
6
AFC Teams Reveal (Wrong Answers Minefield)
7
2023 MLB Unique Player Accomplishments
8
5-to-1: FBS Animal Nicknames
9
Players with Multiple 50 Home Run Seasons
10
5-to-1: UK Sports Teams
Explore More
Trending Topics
Crossword
Anime
Disney
Harry Potter
NBA
Kpop
Marvel
Puzzle
Song
The Office
Pokémon
WWE
NFL
Soccer
Country
hide this ad
More By:
mkmkyanks
Quiz
Plays
Rating
Category
Featured
Created
All NBA First Team 2000's
8,241
4.17
Sports
May 15, 2011
MLB Guess Team By Cleanup Hitter 2011
6,094
3.32
Sports
May 9, 2011
Top 10 players in ppg rpg apg 2010-2011
1,568
4.26
Sports
Mar 13, 2011
All Time Yankees Roster. (25 man)
1,304
2.80
Sports
Sep 7, 2011
Spanish rooms and house objects part 1
1,186
2.00
Language
Oct 19, 2011
Go to Creator's Profile
Score Distribution
Quiz Creator Spotlight
mkmkyanks
Follow
Send a Message
Quizzes Created
-
Created Quiz Play Count
-
More By This Creator
Popular Quizzes Today
1
Find the US States - No Outlines Minefield
2
Find the Countries of Europe - No Outlines Minefield
3
The Countries of the World
4
Find the US States
5
Risky Map Clicking: Biggest States A-Z
6
US States
7
Popular People in 1961
8
Movies - When Are They Set?
More Sports Quizzes
Multiple Super Bowl MVP Winners
Published
Trending Quizzes
Risky Map Clicking: Least Populous States A-Z
1-10 Letter G Words
1-10 Letter F Words
Risky Map Clicking: Next State Alphabetically
Adjectives in 80s TV Shows
Recently Updated
Leaping Animals
pecheneg
Reality TV Shows (A-Z)
bhenderson79
Rickey Henderson's Hall of Fame Teammates
pecheneg
Champions League XIs: Arsenal
pecheneg
Quick Pick: Celebrities in WWE's Hall of Fame
aduchscher
A-Z Keypad Blitz II
pecheneg
Multiple Oscar Actors
pecheneg
Mystery Phrase Blitz: Oscar 'Best Actors'
pecheneg
F. Scott Fitzgerald Novels
LTH
Pick 3 Villains
ddd62291
Trending Topics
Crossword
Kpop
Anime
Harry Potter
Disney
Marvel
NBA
WWE
The Office
Song
Pokémon
Country
Soccer
Puzzle
NFL
Your Account Isn't Verified!
In order to create a playlist on Sporcle, you need to verify the email address you used during registration. Go to your
Sporcle Settings
to finish the process.
Report this User
Report this user for behavior that violates our
Community Guidelines
.
Details:
Send Report
Go to the Sporcle.com Mobile Site →
Comments